000 00341nam a2200157Ia 4500
100 _aGallagher/Simon/ Herbert/ Simon
250 _a2
942 _cBK
654 _aComputer
245 _aPower Builders 5 Unleashed
260 _bTechmedia
_aNew Delhi
_c1997
082 _a5.2
_bSIM
300 _a1153
546 _aENGLISH
999 _c21311
_d21311